00335nam a2200109Ia 4500008004100000082000800041100001600049245004400065942000600109952009500115999001500210240331s9999 xx 000 0 und d bRAM aRamasamy, T 0aThamil samuthayamum naaddupura panpadum cL 001040708LaWERCLbWERCLcSSCd2024-03-31l0o 306 RAMp4201r2024-03-31w2024-03-31yL c2110d2110